Statistics for Rainbow Colors*

Click here to take the quiz!

General Stats

  • This quiz has been taken 28 times
  • The average score is 6 of 7

Answer Stats

XAnswer% Correct
XYellow
100%
XBlue
96%
XGreen
96%
XOrange
96%
XRed
96%
XViolet
87%
XIndigo
78%

Score Distribution

Percentile by Number Answered

Percent of People with Each Score

Your Score History

You have not taken this quiz